Brain Anatomy Quiz AP Psych Stats

 Plays Quiz not verified by Sporcle

Score 0/14 Timer 10:00
0 Plays Today
Hint Answer % Correct
LOBE that has the motor cortex. Also involved in plans, judgementFrontal
94.4%
LOBE that receives most of our visual informationOccipital
94.1%
LOBE that has sensory cortex.Parietal
92.4%
LOBE that includes auditory areasTemporal
92.4%
Director of several maintenance activities (eating, drinking, body temp) linked to reward centers, and master of the pituitary glandhypothalamus
88.8%
Structure in the limbic system linked to emotion: specifically fear and angeramygdala
83.9%
The Brain's sensory switchboardThalamus
83.6%
Hint Answer % Correct
Processes sensory input. Coordinates balance and movementCerebellum
82.4%
part of the limbic system that plays a vital role in memoryHippocampus
82%
Controls heartbeat, breathing and swallowingMedulla
81.9%
Area in the left hemisphere that is involved in language. It controls language EXPRESSION that directs the muscle movements involved in speechBroca's Area
68%
Area in the left hemisphere that is involved in speech. Controls language reception and COMPREHENSIONWernicke's Area
61.8%
plays an important role in arousal. Damage=ComaReticular Formation
47.7%
Structure that connects the left and right hemispheres of the brainCorpus Collosum
33.3%

You're not logged in!

Compare scores with friends on all Sporcle quizzes.
OR
Log In

Show Comments

Extras

Created Feb 10, 2014ReportNominate
Tags:Anatomy Quiz, brain, psych

Top Quizzes Today


Score Distribution

Your Account Isn't Verified!

In order to create a playlist on Sporcle, you need to verify the email address you used during registration. Go to your Sporcle Settings to finish the process.

Report this User

Report this user for behavior that violates our Community Guidelines.

Details: